000 00351nam a22001217a 4500
082 _a297.1227
_bCOn
_cL-31, P-180
100 _aAbdul Baqi, Muhammad Fawad
_951044
245 _aالممعجم المفہرس
260 _aLahore,
_bSohail Academy,
_c2000.
300 _aDifferent pages,
526 _a0
_b0
_c0
_d297_122700000000000_CON
942 _2ddc
_cBK
999 _c553785
_d553785